000 00747nam a2200289Ia 4500
005 20260324141802.0
008 008 260324s9999 xx 000 0 eng d
020 _a9781315043180
037 _aEBOOK
040 _aCRL
040 _beng
040 _cCRL
041 _2eng
041 _aeng
084 _qCRL
100 _aWilliam Lowe Boyd; Hanne M. Mawhinney; Robert L. Crowson
_91209499
245 4 _aThe Politics Of Education And The New Institutionalism
245 0 _bReinventing The American School
260 _bTaylor and Francis
260 _c1996
365 _a
365 _b300
856 _uhttp://www.taylorfrancis.com/books/9781315043180
942 _cEBOOK
999 _c1812954
_d1812954